Statistics for NHL TEAMS WORD SCRAMBLE

Click here to take the quiz!

General Stats

  • This quiz has been taken 22 times
  • The average score is 22 of 32

Answer Stats

HintAnswer% Correct
sjteJets
100%
dliwWild
100%
csudkDucks
88%
relfsyFlyers
88%
gsinkKings
88%
kalabckwshBlackhawks
81%
ulsebBlues
81%
vslideDevils
81%
felaampsleMaple Leafs
81%
earsbsSabres
81%
tssraStars
81%
subnirBruins
75%
oosyetcCoyotes
75%
elfmasFlames
75%
gklthsenodngiGolden Knights
75%
kaeeutlbcjsBlue Jackets
69%
ioesrlOilers
69%
kccsanuCanucks
63%
eknkarKraken
63%
gsnrearRangers
63%
lcaanahevAvalanche
56%
ssdilnareIslanders
56%
neraphtsPanthers
56%
sinunepgPenguins
56%
siwendgrRed Wings
56%
otaenssrSenators
56%
hasskrSharks
56%
denaacisnCanadiens
50%
nnhgtlgiiLightning
50%
droraesptPredators
50%
naiesrhrucHurricanes
44%
lasatcpiCapitals
38%

Score Distribution

Percentile by Number Answered

Percent of People with Each Score

Your Score History

You have not taken this quiz